01138 a2200205 4500003000500000005001700005040000900022082001500031100005300046245008800099260002900187300001200216505020700228942002400435999001900459952012400478952012400602952010300726952010300829NUST20221209144221.0 cNust a297.55,BAZ aBaz, Shaykh Abdul Aziz Bin Abdullah Bin 9104566 aFatawa Islamiyah Islamic Verdicts (Vol-1) /cShaykh Abdul Aziz Bin Abdullah Bin Baz aLondonbDarussalamc2001 a396 p.: aThe Book of Creed (Page-1), Our Prophet Muhammad (P.B.U.H) (Page-271), Isa peace upon him (Page-302), Sects and Movements (Page-325), The Book of Knowledge (Page-367), The Sunam of Al Fitrah (Page-379). 2ddccBKk297.55,BAZ c197078d197078 00102ddc4070aMCSbMCScGENd2016-12-12o297.55,BAZpMCS32978r2016-12-08w2016-12-12yBKzAlmirah No 64, Shelf No 2 00102ddc4070aMCSbMCScGENd2016-12-12o297.55,BAZpMCS33076r2016-12-08w2016-12-12yBKzAlmirah No.47, Shelf No.4 00102ddc40708NFICaMCSbMCSd2016-12-12l0o297.55 BAZpMCS33077r2016-12-08w2016-12-12yBK 00102ddc40708NFICaMCSbMCSd2016-12-12l0o297.55 BAZpMCS33078r2016-12-08w2016-12-12yBK